| 000 | 00696nam a2200229 a 4500 | ||
|---|---|---|---|
| 999 |
_c2471 _d2471 |
||
| 001 | 2471 | ||
| 003 | BD-JhCC | ||
| 005 | 20171102192541.0 | ||
| 008 | 171102s1978 bg |||| |||| 000 0 ben d | ||
| 035 | _a(BD-JhCC)2471 | ||
| 040 |
_aBD-JhCC _dBD-JhCC |
||
| 041 | _aben | ||
| 082 |
_a891.4409 _bIBR 1978 |
||
| 100 | _aইব্রাহীম, নীলিমা | ||
| 245 |
_aবাংলার কবি মধুসূদন / _cনীলিমা ইব্রাহীম. |
||
| 250 | _a3rd Edi. | ||
| 260 |
_aঢাকা : _bনওরোজ কিতাবিস্তান, _c1978. |
||
| 300 |
_a231 p. : _c21 cm. |
||
| 650 | _aBengali Literature | ||
| 942 |
_2ddc _cBK |
||